Ignorancia, sometimiento, capitalismo a lo salvaje y perversión en el nacimiento y el seguimiento de la reforma neoliberal en salud /
Gardado en:
| Autor Principal: | |
|---|---|
| Formato: | Texto |
| Materias: | |
| Etiquetas: |
Engadir etiqueta
Sen Etiquetas, Sexa o primeiro en etiquetar este rexistro!
|
MARC
| LEADER | 00000 a a2200000 04500 | ||
|---|---|---|---|
| 001 | 41589 | ||
| 003 | |||
| 040 | |||
| 100 | |a Selva Sutter, Ernesto A. | ||
| 245 | |a Ignorancia, sometimiento, capitalismo a lo salvaje y perversión en el nacimiento y el seguimiento de la reforma neoliberal en salud / |c Ernesto A. Selva Sutter | ||
| 650 | |a SISTEMA DE SALUD/ | ||
| 650 | |a REFORMA ADMINISTRATIVA/ | ||
| 650 | |a NEOLIBERALISMO/ | ||
| 650 | |a PRIVATIZACION/ | ||
| 650 | |a DESIGUALDAD SOCIAL/ | ||
| 650 | |a EL SALVADOR | ||
| 773 | |g número111 ( , 2006), 47-87 | ||
| 999 | |c 34199 |d 34199 | ||
